'S' States Blitz Quiz Stats

 Plays Quiz Updated Feb 8, 2015

Also try: 'E' States Blitz
Challenge
Share
Tweet
Embed
Score 0/21 Timer 01:30
2 Plays Today
% Correct
South Dakota
90.6%
South Carolina
90.2%
Mississippi
86.5%
Texas
81.7%
Washington
81.3%
Kansas
80.2%
Arkansas
80.1%
Alaska
78.9%
Massachusetts
75.9%
Missouri
75.3%
Illinois
70.9%
% Correct
Louisiana
69.1%
Tennessee
68.3%
New Hampshire
68.2%
Minnesota
65.4%
Wisconsin
65.1%
Pennsylvania
63.3%
New Jersey
62.8%
Nebraska
60.7%
West Virginia
59.2%
Rhode Island
49.3%

You're not logged in!

Compare scores with friends on all Sporcle quizzes.
OR
Log In

You Might Also Like...

Show Comments

Extras

Top Quizzes Today


Score Distribution

Your Account Isn't Verified!

In order to create a playlist on Sporcle, you need to verify the email address you used during registration. Go to your Sporcle Settings to finish the process.

Report this User

Report this user for behavior that violates our Community Guidelines.

Details: